| 000 | 00577nam a2200193 a 4500 | ||
|---|---|---|---|
| 001 | 15147 | ||
| 005 | 20180713203743.0 | ||
| 008 | 140415s1987 000 0 spa d | ||
| 020 | _a8432305936 | ||
| 041 | _aspa | ||
| 082 |
_a361.3 _bKAH |
||
| 100 | 1 | _aKAHN, ALFRED J. | |
| 245 | 1 | 4 |
_aLOS SERVICIOS SOCIALES DESDE UNA PERSPECTIVA INTERNACIONAL : _bEL SEXTO SISTEMA DE PROTECCION SOCIAL |
| 260 |
_a[s.l.] : _bSIGLO VEINTIUNO, _c1987 |
||
| 300 | _a544 | ||
| 490 |
_aTRABAJO SOCIAL _v3 |
||
| 650 | 1 | 4 | _aSERVICIO SOCIAL |
| 700 | 1 |
_aKAMERMAN, SHEILA B. _ecoaut. |
|
| 999 |
_c15147 _d15147 |
||